000 01111nas a2200385 4500
001 BR8805913
003 BR-BrBNA
005 20231205095622.0
007 ta
008 230509b bl.|||p| |||| 00| 00por d
040 _aBR-BrBNA
_bpor
_cBiblioteca Nacional de Agricultura
041 _a(Pt)
072 _aF04; Q70
100 1 _aMarriel, I.E.
100 1 _aKonzen, E.A.
100 1 _aAlvarenga, R.C.
100 1 _aSantos, H.L. dos
245 1 _aTratamento e utilizacao de residuos organicos
650 _aMateria Organica
650 _aResiduo Organico
650 _aFertilizante
650 _aFertilizante Nitrogenado
650 _aEsterco
650 _aDecomposicao
650 _aHumus
650 _aDejeto
650 _aFenacao
650 _aBiofertilizante
650 _aFermentacao Anaerobica
650 _aFertilidade do Solo
650 _aSolo
773 0 _tInforme Agropecuario - Empresa de Pesquisa Agropecuaria de Minas Gerais (Brazil)
_xISSN 0100-3364
_g(Mar 1987), v. 13(147) p. 24-36
_wBR8805913
909 _a202311
_bLúcia
_c55
_dLúcia Elande
942 _2AGRIS
_n0
_cANA
999 _c151738
_d151738